Communication for development : (Record no. 291501)
[ view plain ]
| 000 -LEADER | |
|---|---|
| fixed length control field | 01209cam a22003378i 4500 |
| 001 - CONTROL NUMBER | |
| control field | 18658434 |
| 003 - CONTROL NUMBER IDENTIFIER | |
| control field | SISC |
| 005 - DATE AND TIME OF LATEST TRANSACTION | |
| control field | 20170126131732.0 |
| 008 - FIXED-LENGTH DATA ELEMENTS--GENERAL INFORMATION | |
| fixed length control field | 150615s2015 ii b 001 0 eng |
| 010 ## - LIBRARY OF CONGRESS CONTROL NUMBER | |
| LC control number | 2015022366 |
| 020 ## - INTERNATIONAL STANDARD BOOK NUMBER | |
| International Standard Book Number | 9789351502579 (pbk. : alk. paper) |
| 040 ## - CATALOGING SOURCE | |
| Original cataloging agency | DLC |
| Language of cataloging | eng |
| Transcribing agency | DLC |
| Description conventions | rda |
| 042 ## - AUTHENTICATION CODE | |
| Authentication code | pcc |
| 043 ## - GEOGRAPHIC AREA CODE | |
| Geographic area code | d------ |
| 050 00 - LIBRARY OF CONGRESS CALL NUMBER | |
| Classification number | HD 76 |
| Item number | .M45 2015 |
| 082 00 - DEWEY DECIMAL CLASSIFICATION NUMBER | |
| Classification number | 338.9009172/4 |
| 100 1# - MAIN ENTRY--PERSONAL NAME | |
| Personal name | Melkote, Srinivas R. |
| Dates associated with a name | 1952- |
| 240 10 - UNIFORM TITLE | |
| Uniform title | <a href="Communication for development in the Third World.">Communication for development in the Third World.</a> |
| 245 10 - TITLE STATEMENT | |
| Title | Communication for development : |
| Remainder of title | theory and practice for empowerment and social justice / |
| Statement of responsibility, etc | Srinivas Raj Melkote and H. Leslie Steeves. |
| 250 ## - EDITION STATEMENT | |
| Edition statement | 3rd edition. |
| 260 ## - PUBLICATION, DISTRIBUTION, ETC. (IMPRINT) | |
| Place of publication, distribution, etc | Los Angeles : |
| Name of publisher, distributor, etc | Sage, |
| Date of publication, distribution, etc | 2015. |
| 263 ## - PROJECTED PUBLICATION DATE | |
| Projected publication date | 1508 |
| 300 ## - PHYSICAL DESCRIPTION | |
| Extent | xxv, 537 pages : |
| Other physical details | illustrations ; |
| Dimensions | 23 cm. |
| 500 ## - GENERAL NOTE | |
| General note | Includes bibliographical references and index. |
| 650 #0 - SUBJECT ADDED ENTRY--TOPICAL TERM | |
| Topical term or geographic name as entry element | Communication in economic development |
| Geographic subdivision | Developing countries. |
| 651 #0 - SUBJECT ADDED ENTRY--GEOGRAPHIC NAME | |
| Geographic name | Developing countries |
| General subdivision | Economic policy. |
| 700 1# - ADDED ENTRY--PERSONAL NAME | |
| Personal name | Steeves, H. Leslie. |
| 906 ## - LOCAL DATA ELEMENT F, LDF (RLIN) | |
| a | 7 |
| b | cbc |
| c | orignew |
| d | 1 |
| e | ecip |
| f | 20 |
| g | y-gencatlg |
| 942 ## - ADDED ENTRY ELEMENTS (KOHA) | |
| Source of classification or shelving scheme | Library of Congress Classification |
| Koha item type | Books |
| Withdrawn status | Lost status | Source of classification or shelving scheme | Damaged status | Home library | Current library | Shelving location | Date acquired | Source of acquisition | Total Checkouts | Full call number | Barcode | Date last seen | Price effective from | Koha item type | Cost, normal purchase price | Sub Shelving location |
|---|---|---|---|---|---|---|---|---|---|---|---|---|---|---|---|---|
| Library of Congress Classification | College Library | College Library | Reserve Section | 03/09/2016 | Library Fund | HD 76 .M45 2015 | C20471 | 05/15/2018 | 03/09/2016 | Books | ||||||
| Library of Congress Classification | College Library | College Library | Reserve Section | 08/23/2016 | Library Fund | HD 76 .M45 2015 | C20679 | 05/15/2018 | 08/23/2016 | Books | 2695.00 |